<?xml version="1.0" encoding="UTF-8"?>
<collection xmlns="http://www.loc.gov/MARC21/slim">
 <record>
  <leader>00527pamaa2200157   4500</leader>
  <controlfield tag="001">0000023759</controlfield>
  <controlfield tag="005">20060516090000.0</controlfield>
  <datafield tag="020" ind1="0" ind2="0">
   <subfield code="a">0718512510 </subfield>
  </datafield>
  <datafield tag="082" ind1=" " ind2=" ">
   <subfield code="a">940.3141 LEN 1984</subfield>
  </datafield>
  <datafield tag="090" ind1="0" ind2="0">
   <subfield code="a">DA643.A7 </subfield>
   <subfield code="b">LEN 1984</subfield>
  </datafield>
  <datafield tag="100" ind1="1" ind2="0">
   <subfield code="a">LENTIN </subfield>
  </datafield>
  <datafield tag="245" ind1="1" ind2="0">
   <subfield code="a">Lloyd George, Woodrow Wilson and the guilt of Germany : </subfield>
   <subfield code="b">an essay in the pre-history of appeasement  </subfield>
   <subfield code="c">A. Lentin.</subfield>
  </datafield>
  <datafield tag="260" ind1="0" ind2="0">
   <subfield code="a">Leicester: </subfield>
   <subfield code="b">Leicester University Press, </subfield>
   <subfield code="c">1984.</subfield>
  </datafield>
  <datafield tag="300" ind1=" " ind2=" ">
   <subfield code="a">xiii, 193p.; </subfield>
   <subfield code="c">23cm.</subfield>
  </datafield>
  <datafield tag="650" ind1="0" ind2="0">
   <subfield code="a">Treaty of versailles (1919) </subfield>
  </datafield>
  <datafield tag="650" ind1="0" ind2="0">
   <subfield code="a">World war, 1914-1918 -- </subfield>
   <subfield code="x">Peace </subfield>
  </datafield>
 </record>
</collection>
